000 00200nam a2200085Ia 4500
008 120527s9999 xx 000 0 und d
100 _aBurskirt, Van, R.
245 _aMolecular cell biology
942 _cBK
999 _c27295
_d27295